Bài tập sức bền vật liệu

Salvato in:
Dettagli Bibliografici
Autore principale:  Phạm Ngọc Khánh
Natura: Sách
Lingua:Undetermined
Pubblicazione:  Xây dựng  2016
Soggetti:
Tags: Aggiungi Tag
Nessun Tag, puoi essere il primo ad aggiungerne! !
Thư viện lưu trữ: Trung tâm Thư viện - Trường Đại học Công nghiệp TP. Hồ Chí Minh
LEADER 00517nam a2200157Ia 4500
001 UIH_07933
008 231011s9999 xx 000 0 und d
082 |a  620.1121 
100 |a  Phạm Ngọc Khánh 
245 0 |a  Bài tập sức bền vật liệu 
245 0 |c  Phạm Ngọc Khánh 
260 |b  Xây dựng 
260 |c  2016 
650 |a  Sức bền vật liệu;  
927 |a Sách 
980 |a Trung tâm Thư viện - Trường Đại học Công nghiệp TP. Hồ Chí Minh